Loading...

Karst Hydrogeology and Geomorphology

Bibliografiske detaljer
Main Authors: Ford, Derek, Williams, Paul
Format: Printed Book
Udgivet: NewYork, JhonWiley & Sons 2007
Fag:
LEADER 005820000a22001810004500
082 |a 551.48 FOR 
100 |a Ford, Derek  |9 153437 
100 |a Williams, Paul  |9 153438 
245 |a Karst Hydrogeology and Geomorphology 
260 |a NewYork, JhonWiley & Sons 
260 |c 2007 
650 |a Denudation  |9 147963 
650 |a Karst Hydrogeology  |9 148319 
650 |a Karst Landform  |9 148319 
650 |a Karst rocks  |9 148319 
942 |c BK 
999 |c 181742  |d 181738 
952 |0 0  |1 0  |4 0  |6 551_480000000000000_FOR  |7 0  |9 180414  |a SES  |b SES  |d 2019-05-17  |l 0  |o 551.48 FOR  |p SES04978  |r 2019-05-17  |w 2019-05-17  |y BK